90's Songs by Lyrics #3 - Statistics

General Stats
  • This quiz has been taken 117 times
  • The average score is 6 of 15
Answer Stats
Lyrics Song % Correct
As I walk through the valley of the shadow of death. I take a look at my life and realize there's nothin' left Gangsta's Paradise
79%
Oh baby, don't hurt me. Don't hurt me no more What Is Love
64%
It's like rain on your wedding day Ironic
62%
You know I'm such a fool for you. You got me wrapped around your finger Linger
58%
Please stick to the rivers and the lakes that you're used to Waterfalls
54%
I know just what you're sayin' so please stop explainin'. Don't tell me 'cause it hurts Don't Speak
49%
She’s in to superstition, black cats and voodoo dolls Livin’ La Vida Loca
49%
I get knocked down but I get up again. You're never gonna keep me down Tubthumping
49%
You wear those shoes and I will wear that dress Kiss Me
38%
You and me baby ain't nothin' but mammels The Bad Touch
33%
I am here in my mould, but I'm a million different people from one day to the next Bitter Sweet Symphony
30%
If you wanna be with me. I can make your wish come true Genie in a Bottle
24%
Skinhead, deadhead. Everybody, gone bad They Don't Care About Us
24%
Thoughts arrive like butterflies Even Flow
16%
Come on move your body Sex on the Beach
2%
No matching quizzes found
Score Distribution
Percent of People with Each Score
Percentile by Number Answered
Your Score History
You have not taken this quiz